| 000 | 00416nam a2200157Ia 4500 | ||
|---|---|---|---|
| 005 | 20250322121429.0 | ||
| 008 | 240331s9999 xx 000 0 und d | ||
| 082 |
_bRAV _a894 |
||
| 100 | _aRaveendran, N | ||
| 245 | 0 | _aBharathiyin meignanam | |
| 250 | _a2nd | ||
| 260 |
_aMadras _bSuriya Achagam _c1986 |
||
| 300 | _a201 p ., | ||
| 500 | _aA Book about Bharthiyin sinthanikal um avarin valakia varlarum | ||
| 942 | _cL | ||
| 999 |
_c3850 _d3850 |
||